Toutes les équipes ayant été en finale de l'UEFA Champions League - Statistiques

Statistiques générales
  • Ce quiz a été pris 142 fois
  • Le résultat moyen est 20 sur 21
Statistiques - réponses
Fédération Club % Correct
Allemagne Bayer Leverkusen
98%
Allemagne Borussia Dortmund
98%
Angleterre Manchester City
98%
Angleterre Manchester United
98%
France Olympique de Marseille
98%
France Paris Saint-Germain
98%
Italie AC Milan
97%
Espagne Atletico Madrid
97%
Angleterre Chelsea
97%
Espagne FC Barcelone
97%
Angleterre Liverpool FC
97%
Espagne Real Madrid
97%
Portugal FC Porto
96%
Italie Juventus Turin
96%
Italie Inter Milan
95%
Angleterre Arsenal
94%
Pays-Bas Ajax Amsterdam
93%
France AS Monaco
91%
Allemagne Bayern Munich
91%
Angleterre Tottenham
84%
Espagne Valence CF
82%
Aucun quiz correspondant
Distribution des résultats
% des personnes avec chaque résultat
Percentile par nombre de réponses
Votre historique - résultats
Vous n’avez pas pris ce quiz